| 000 -LEADER |
| fixed length control field |
01212nam a22001937a 4500 |
| 003 - CONTROL NUMBER IDENTIFIER |
| control field |
OSt |
| 005 - DATE AND TIME OF LATEST TRANSACTION |
| control field |
20140116120841.0 |
| 008 - FIXED-LENGTH DATA ELEMENTS--GENERAL INFORMATION |
| fixed length control field |
120615t xxu||||| |||| 00| 0 eng d |
| 022 ## - INTERNATIONAL STANDARD SERIAL NUMBER |
| International Standard Serial Number |
1748-121X (electronic) |
| 245 ## - TITLE STATEMENT |
| Title |
Legal Studies / |
| Statement of responsibility, etc |
Edited By: Imelda Maher, Blanaid Clarke, Fiona de Londras and Colin Scott. |
| 260 ## - PUBLICATION, DISTRIBUTION, ETC. (IMPRINT) |
| Place of publication, distribution, etc |
Bristol : |
| Name of publisher, distributor, etc |
The Society of Legal Scholars, |
| Date of publication, distribution, etc |
1981- |
| 300 ## - PHYSICAL DESCRIPTION |
| Extent |
e-resource, no physical copies. |
| 505 ## - FORMATTED CONTENTS NOTE |
| Formatted contents note |
This journal analyses the history, development and contemporary status of law with particular reference to doctrinal, conceptual, theoretical, comparative or socio-legal analyses such that they are of interest to a general legal readership international. The journal <br/>analyses contributions to the study of law in the fields of jurisprudence, legal history, and international and comparative law. |
| 533 ## - REPRODUCTION NOTE |
| Type of reproduction |
Electronic reproduction |
| Agency responsible for reproduction |
Wiley-Blackwell |
| Note about reproduction |
Available via World Wide Web |
| 650 ## - SUBJECT ADDED ENTRY--TOPICAL TERM |
| Topical term or geographic name as entry element |
legal studies -- |
| Form subdivision |
socio-legal - periodical. |
| 650 ## - SUBJECT ADDED ENTRY--TOPICAL TERM |
| Topical term or geographic name as entry element |
conceptual analysis -- theoretical analysis -- comparative analysis |
| General subdivision |
periodical. |
| 856 ## - ELECTRONIC LOCATION AND ACCESS |
| Materials specified |
Click here to access full text: |
| Uniform Resource Identifier |
<a href="http://onlinelibrary.wiley.com/journal/10.1111/(ISSN)1748-121X">http://onlinelibrary.wiley.com/journal/10.1111/(ISSN)1748-121X</a> |
| 942 ## - ADDED ENTRY ELEMENTS (KOHA) |
| Source of classification or shelving scheme |
|
| Koha item type |
Electronic Journal |